MGNREGS raising rural indebtedness: (Record no. 507936)

000 -LEADER
fixed length control field 00524nam a2200157 4500
008 - FIXED-LENGTH DATA ELEMENTS--GENERAL INFORMATION
fixed length control field 190301b ||||| |||| 00| 0 eng d
100 ## - MAIN ENTRY--PERSONAL NAME
Personal name Chakraborty, Dipanwita
245 ## - TITLE STATEMENT
Title MGNREGS raising rural indebtedness:
Remainder of title evidences from Micro level analysis in West Bengal
260 ## - PUBLICATION, DISTRIBUTION, ETC. (IMPRINT)
Date of publication, distribution, etc 2018
300 ## - PHYSICAL DESCRIPTION
Extent p.243-271.
650 ## - SUBJECT ADDED ENTRY--TOPICAL TERM
Topical term or geographic name as entry element MGNREGS
9 (RLIN) 2826
700 ## - ADDED ENTRY--PERSONAL NAME
Relator term Kumar, Pramod
9 (RLIN) 2827
773 ## - HOST ITEM ENTRY
Main entry heading IASSI Quarterly: Contributions to Indian Social Science
906 ## - LOCAL DATA ELEMENT F, LDF (RLIN)
Subject DIP Rural Employment - India - West Bengal
942 ## - ADDED ENTRY ELEMENTS (KOHA)
Source of classification or shelving scheme
Item type Articles
Holdings
Withdrawn status Lost status Source of classification or shelving scheme Damaged status Not for loan Permanent location Current location Date acquired Serial Enumeration / chronology Barcode Date last seen Koha item type
          Indian Institute of Public Administration Indian Institute of Public Administration 2019-03-01 37(2), Apr-Jun, 2018: p.243-271. AR119090 2019-03-01 Articles

Powered by Koha